000 00721nam a2200241Ia 4500
003 OSt
005 20220927105430.0
006 a|||||r|||| 00| 0
007 ta
008 220926b |||||||| |||| 00| 0 eng d
024 _a171997
037 _cReference Collections
040 _aRTL
_cRTL
_beng
041 _2eng
_aeng
082 _a"X.2,k.N84r, M4/GD"
110 _aPHD Chamber of commerce and industry.
_9372470
245 0 _a"80th Annual report, 1984."
260 _aDelhi
_bPHD Chamber of commerce and industry.
_c1984
300 _a59p.
_ccm.
700 _aPHD Chamber of commerce and industry.
_9372471
942 _h"X.2,k.N84r, M4/GD"
_cCC
999 _c692518
_d692518